[Event "Curitiba Parana-ch"]
[Site "Curitiba"]
[Date "2016.01.31"]
[Round "8"]
[White "Gonzalez, Bolivar Ribeiro"]
[Black "Araujo, Rafael Moreira"]
[Result "0-1"]
[WhiteElo "2252"]
[BlackElo "2107"]
[PlyCount "120"]
[EventDate "2016.01.26"]
[EventType "swiss"]
[EventRounds "8"]
[EventCountry "BRA"]
[SourceTitle "CBM 170 Extra"]
[Source "ChessBase"]
[SourceDate "2016.02.25"]
[SourceVersion "1"]
[SourceVersionDate "2016.02.25"]
[SourceQuality "1"]

1. e4 c5 2. Nf3 Nc6 3. d4 cxd4 4. Nxd4 Nf6 5. Nc3 e5 6. Ndb5 d6 7. Nd5 Nxd5 8. exd5 Nb8 9. c4 a6 10. Qa4 Bd7 11. Qa3 Bxb5 12. cxb5 Be7 13. bxa6 0-0 14. a7 Nd7 15. Be3 f5 16. f3 Kh8 17. Bb5 Nf6 18. Rd1 f4 19. Bg1 e4 20. Bc4 e3 21. g3 Nh5 22. Rd3 fxg3 23. Bxe3 g2 24. Rg1 Bh4+ 25. Kd1 Qc8 26. Rd4 Qh3 27. Be2 Qxh2 28. Qb4 Bg3 29. Qxb7 Rae8 30. Re4 Be5 31. Ra4 Bf4 32. Bf2 Be3 33. Rh4 Qxh4 34. Bxe3 Qa4+ 35. b3 Qxa2 36. Qb6 Nf4 37. Bc4 Nh3 38. Bd2 Nxg1 39. Qxg1 Qb1+ 40. Bc1 Rxf3 41. a8Q Rxa8 42. Qxg2 Rc3 43. Qb2 Rxc1+ 44. Qxc1 Qxc1+ 45. Kxc1 g5 46. Kd2 Kg7 47. Kc3 Rb8 48. b4 Kf6 49. b5 Ke7 50. Kd4 h5 51. Be2 h4 52. Ke4 Kf6 53. Kd4 Kf5 54. Kc4 g4 55. Bf1 h3 56. Kb4 Kf4 57. Ka5 Ke3 58. b6 Kf2 59. Bd3 g3 60. Ka6 g2 0-1

[Event "Curitiba Parana-ch"]
[Site "Curitiba"]
[Date "2016.01.27"]
[Round "2"]
[White "Araujo, Rafael Moreira"]
[Black "Mileski, Lucas de Souza"]
[Result "1-0"]
[WhiteElo "2107"]
[BlackElo "1775"]
[PlyCount "47"]
[EventDate "2016.01.26"]
[EventType "swiss"]
[EventRounds "8"]
[EventCountry "BRA"]
[SourceTitle "CBM 170 Extra"]
[Source "ChessBase"]
[SourceDate "2016.02.25"]
[SourceVersion "1"]
[SourceVersionDate "2016.02.25"]
[SourceQuality "1"]

1. d4 Nf6 2. Bf4 d5 3. Nf3 e6 4. e3 Bd6 5. Bg5 Nbd7 6. Nbd2 c6 7. c3 0-0 8. Bd3 h6 9. Bh4 Re8 10. e4 e5 11. 0-0 Qc7 12. Re1 exd4 13. cxd4 dxe4 14. Nxe4 Nxe4 15. Bxe4 Kh8 16. Bc2 Rf8 17. Qd3 f5 18. Be7 Nc5 19. Bxd6 Nxd3 20. Bxc7 Nxe1 21. Rxe1 Bd7 22. Re7 Be8 23. Bb3 Rf6 24. Be5 1-0

[Event "Curitiba Sul Regional-ch"]
[Site "Curitiba"]
[Date "2015.07.12"]
[Round "5"]
[White "Araujo, Rafael Moreira"]
[Black "Limberg, Estacio Vermelho"]
[Result "0-1"]
[WhiteElo "2106"]
[BlackElo "2237"]
[PlyCount "20"]
[EventDate "2015.07.10"]
[EventType "swiss"]
[EventRounds "6"]
[EventCountry "BRA"]
[SourceTitle "EXT 2016"]
[Source "ChessBase"]
[SourceDate "2015.10.08"]
[SourceVersion "1"]
[SourceVersionDate "2015.10.08"]
[SourceQuality "1"]

1. d4 Nf6 2. Nf3 b6 3. g3 c5 4. Bg2 cxd4 5. Nxd4 Nc6 6. Nb3 d5 7. 0-0 Bd7 8. N1d2 a5 9. a4 e5 10. h3 Be6 0-1

[Event "Curitiba Sul Regional-ch"]
[Site "Curitiba"]
[Date "2015.07.11"]
[Round "3"]
[White "Araujo, Rafael Moreira"]
[Black "Proudian, Armen"]
[Result "0-1"]
[WhiteElo "2106"]
[BlackElo "2377"]
[PlyCount "88"]
[EventDate "2015.07.10"]
[EventType "swiss"]
[EventRounds "6"]
[EventCountry "BRA"]
[SourceTitle "EXT 2016"]
[Source "ChessBase"]
[SourceDate "2015.10.08"]
[SourceVersion "1"]
[SourceVersionDate "2015.10.08"]
[SourceQuality "1"]

1. d4 Nf6 2. Nf3 e6 3. c4 d5 4. g3 Bb4+ 5. Nbd2 dxc4 6. Bg2 c6 7. 0-0 b5 8. Qc2 Bb7 9. b3 cxb3 10. Nxb3 Nbd7 11. Bd2 Bxd2 12. Nfxd2 0-0 13. Nc5 Nxc5 14. Qxc5 Nd7 15. Qd6 Nb6 16. Ne4 Rc8 17. Rfd1 Nc4 18. Qf4 Qe7 19. a4 Nb2 20. Rdc1 Nxa4 21. Nd6 Rcd8 22. Nxb7 Qxb7 23. Rxc6 Qb8 24. Qh4 Rc8 25. Be4 g6 26. Qf6 Rxc6 27. Bxc6 Nc3 28. h4 Qd6 29. d5 Nxd5 30. Bxd5 Qxd5 31. Rxa7 Qd1+ 32. Kh2 Qxe2 33. Rb7 e5 34. Re7 e4 35. Qf4 Qf3 36. Qxf3 exf3 37. Rb7 Rc8 38. Rxb5 Rc2 39. Kg1 Rc1+ 40. Kh2 Rf1 41. Rb2 f5 42. h5 g5 43. g4 fxg4 44. Ra2 Kg7 0-1

[Event "Curitiba Sul Regional-ch"]
[Site "Curitiba"]
[Date "2015.07.11"]
[Round "4"]
[White "Schwertner, Joao Victor Moreir"]
[Black "Araujo, Rafael Moreira"]
[Result "0-1"]
[WhiteElo "1898"]
[BlackElo "2106"]
[PlyCount "52"]
[EventDate "2015.07.10"]
[EventType "swiss"]
[EventRounds "6"]
[EventCountry "BRA"]
[SourceTitle "EXT 2016"]
[Source "ChessBase"]
[SourceDate "2015.10.08"]
[SourceVersion "1"]
[SourceVersionDate "2015.10.08"]
[SourceQuality "1"]

1. d4 Nf6 2. c4 g6 3. Nf3 Bg7 4. g3 0-0 5. Bg2 d6 6. 0-0 Nbd7 7. Nc3 e5 8. d5 a5 9. a3 Nc5 10. Bg5 a4 11. Nd2 h6 12. Be3 Bd7 13. Bxc5 dxc5 14. Nde4 Nxe4 15. Nxe4 b6 16. d6 Rb8 17. Nc3 cxd6 18. Nxa4 b5 19. Nc3 bxc4 20. Qxd6 Be6 21. Qxc5 Rxb2 22. a4 Qd2 23. Nd1 Rb3 24. a5 Rc8 25. Qe7 e4 26. Ra3 Bf8 0-1

[Event "Parana-ch"]
[Site "Curitiba"]
[Date "2015.01.28"]
[Round "1"]
[White "Araujo, Rafael Moreira"]
[Black "Moura, Ulisses Atila Arrai"]
[Result "1-0"]
[WhiteElo "2096"]
[BlackElo "1869"]
[PlyCount "100"]
[EventDate "2015.01.28"]
[EventType "swiss"]
[EventRounds "8"]
[EventCountry "BRA"]
[SourceTitle "CBM 164 Extra"]
[Source "ChessBase"]
[SourceDate "2015.03.02"]
[SourceVersion "1"]
[SourceVersionDate "2015.03.02"]
[SourceQuality "1"]

1. d4 Nf6 2. c4 g6 3. Nc3 d5 4. cxd5 Nxd5 5. g3 Nxc3 6. bxc3 Bg7 7. Bg2 0-0 8. Nf3 c5 9. 0-0 Nc6 10. e3 Qa5 11. Bd2 Bg4 12. h3 Bf5 13. Nh4 Bd3 14. Re1 Rfd8 15. e4 Rac8 16. d5 Ne5 17. Bg5 f6 18. Bf4 Qxc3 19. Bxe5 fxe5 20. Qg4 Rc7 21. Nf3 Rd6 22. Ng5 h5 23. Qd1 b5 24. Rc1 Qa3 25. Re3 Qxa2 26. Qxd3 c4 27. Qc3 a5 28. Ra1 Qxa1+ 29. Qxa1 Ra7 30. Bf1 Bf6 31. Nf3 e6 32. dxe6 Rxe6 33. Ra3 Rea6 34. Bxc4+ bxc4 35. Qc3 Kg7 36. Qxc4 g5 37. Qb5 a4 38. Qe8 Be7 39. Ra2 g4 40. Nxe5 Bc5 41. Qxh5 gxh3 42. Qg5+ Kh7 43. Ng4 Bd4 44. e5 Rg6 45. Qf5 h2+ 46. Kxh2 Bc5 47. Rxa4 Re7 48. Ra8 Rb7 49. Nf6+ Kg7 50. Rg8+ Kf7 1-0

[Event "Parana-ch"]
[Site "Curitiba"]
[Date "2013.01.24"]
[Round "4"]
[White "Cardoso Pimenta, Ciro Jose"]
[Black "Araujo, Rafael Moreira"]
[Result "1-0"]
[WhiteElo "2037"]
[BlackElo "2105"]
[PlyCount "153"]
[EventDate "2013.01.22"]
[EventType "swiss"]
[EventRounds "9"]
[EventCountry "BRA"]
[SourceTitle "CBM 152 Extra"]
[Source "ChessBase"]
[SourceDate "2013.02.25"]
[SourceVersion "1"]
[SourceVersionDate "2013.02.25"]
[SourceQuality "1"]

1. Nf3 e6 2. c4 Nf6 3. g3 d5 4. cxd5 exd5 5. Bg2 Be7 6. 0-0 0-0 7. d4 c5 8. Nc3 Nc6 9. dxc5 Bxc5 10. Bg5 Be6 11. Bxf6 Qxf6 12. Nxd5 Qxb2 13. Nc7 Rad8 14. Qc1 Qxc1 15. Raxc1 Bb6 16. Nxe6 fxe6 17. Rc2 e5 18. e3 h6 19. Rb1 Rd6 20. Nd2 Na5 21. Be4 Rdf6 22. Bd5+ Kh8 23. Ne4 Rg6 24. Rbc1 Rd8 25. Rc8 Nc6 26. Rxd8+ Bxd8 27. Kg2 Ne7 28. Bxb7 Rb6 29. Bc8 Rc6 30. Rxc6 Nxc6 31. Be6 Bb6 32. Kf3 g6 33. Nc3 Ne7 34. Ke4 Bc7 35. Kd3 Kg7 36. Ne4 Nc6 37. Kc4 Kf8 38. Kc5 Nd8 39. Bb3 Ke8 40. Kd5 Kd7 41. h4 Ke7 42. Nc5 Bd6 43. Nd3 Ne6 44. Nxe5 Nc7+ 45. Ke4 Kf6 46. Nc6 Bc5 47. a4 a6 48. Bc4 g5 49. Ne5 Ba3 50. hxg5+ hxg5 51. Ng4+ Kg6 52. Ke5 a5 53. Bd3+ Kg7 54. Kf5 Be7 55. Bc4 Ne8 56. Ke6 Bb4 57. e4 Bc3 58. e5 Kf8 59. Kd7 Bd4 60. Ke6 Bc5 61. Kf5 Be7 62. Kg6 Bd8 63. Nh6 Ng7 64. f3 Be7 65. Nf7 g4 66. fxg4 Bb4 67. Nh6 Bc3 68. Kf6 Ne8+ 69. Kf5 Ng7+ 70. Ke4 Be1 71. Nf5 Nxf5 72. gxf5 Bxg3 73. f6 Bh4 74. Kf5 Bf2 75. e6 Bc5 76. Ke5 Bb4 77. e7+ 1-0

[Event "Maringa op"]
[Site "Maringa"]
[Date "2011.12.19"]
[Round "5"]
[White "Araujo, Rafael Moreira"]
[Black "Broday, Gabriel Renan"]
[Result "1/2-1/2"]
[WhiteElo "2141"]
[BlackElo "1996"]
[PlyCount "45"]
[EventDate "2011.12.17"]
[EventType "swiss"]
[EventRounds "9"]
[EventCountry "BRA"]
[SourceTitle "CBM 146 Extra"]
[Source "ChessBase"]
[SourceDate "2012.02.29"]
[SourceVersion "1"]
[SourceVersionDate "2012.02.29"]
[SourceQuality "1"]

1. d4 d5 2. c4 c6 3. cxd5 cxd5 4. Nc3 Nf6 5. Bf4 Nc6 6. e3 Bf5 7. h3 e6 8. g4 Bg6 9. Bg2 a6 10. Nge2 Rc8 11. 0-0 Be7 12. Bg3 h6 13. f3 b5 14. a3 Qb6 15. Bf2 Qb8 16. e4 b4 17. axb4 Nxb4 18. Bg3 Qb7 19. Nf4 Bh7 20. exd5 exd5 21. Qd2 0-0 22. Nfe2 Rfe8 23. Bh4 1/2-1/2

[Event "Parana-chT 54th"]
[Site "Parana"]
[Date "2011.11.18"]
[Round "5"]
[White "Santana, Anderson Pereira"]
[Black "Araujo, Rafael Moreira"]
[Result "0-1"]
[WhiteElo "2096"]
[BlackElo "2141"]
[PlyCount "56"]
[EventDate "2011.11.14"]
[EventType "team-swiss"]
[EventRounds "7"]
[EventCountry "BRA"]
[SourceTitle "EXT 2013"]
[Source "ChessBase"]
[SourceDate "2012.11.22"]
[SourceVersion "1"]
[SourceVersionDate "2012.11.22"]
[SourceQuality "1"]
[WhiteTeam "Araucaria"]
[BlackTeam "Campo Mourao"]
[WhiteTeamCountry "BRA"]
[BlackTeamCountry "BRA"]

1. d4 e6 2. Nf3 f5 3. c4 Nf6 4. Nc3 d5 5. Bf4 c6 6. e3 Bd6 7. Bxd6 Qxd6 8. Ne5 0-0 9. f4 b6 10. Bd3 Bd7 11. 0-0 c5 12. cxd5 exd5 13. Qc2 g6 14. a4 Nc6 15. Nb5 Qe7 16. Qf2 Nb4 17. Ra3 a6 18. Nc3 Nxd3 19. Nxd3 Ng4 20. Nxd5 Qe6 21. Qf3 Bc6 22. Ne7+ Qxe7 23. Qxc6 Qxe3+ 24. Kh1 Qe4 25. Qxb6 Ne3 26. Rg1 cxd4 27. Nc5 Qxf4 28. Ne6 Ng4 0-1

[Event "Parana-chT 54th"]
[Site "Parana"]
[Date "2011.11.17"]
[Round "4"]
[White "Araujo, Rafael Moreira"]
[Black "Paludo, Nicolas Luis S"]
[Result "1-0"]
[WhiteElo "2141"]
[BlackElo "1813"]
[PlyCount "57"]
[EventDate "2011.11.14"]
[EventType "team-swiss"]
[EventRounds "7"]
[EventCountry "BRA"]
[SourceTitle "EXT 2013"]
[Source "ChessBase"]
[SourceDate "2012.11.22"]
[SourceVersion "1"]
[SourceVersionDate "2012.11.22"]
[SourceQuality "1"]
[WhiteTeam "Campo Mourao"]
[BlackTeam "Foz do Iguacu"]
[WhiteTeamCountry "BRA"]
[BlackTeamCountry "BRA"]

1. d4 Nf6 2. c4 e6 3. Nc3 Bb4 4. e3 0-0 5. Bd3 d5 6. Nf3 c5 7. 0-0 dxc4 8. Bxc4 b6 9. a3 cxd4 10. exd4 Bxc3 11. bxc3 Bb7 12. Bg5 Nbd7 13. Bd3 Qc7 14. c4 Ng4 15. g3 Qc6 16. d5 Qc8 17. Nd4 Nge5 18. Rc1 Nc5 19. Bb1 exd5 20. Nf5 Qd7 21. Ne7+ Kh8 22. Qh5 Ned3 23. cxd5 Rae8 24. Rxc5 Rxe7 25. Bxd3 f5 26. Bxe7 g6 27. Qe2 bxc5 28. Qe5+ Kg8 29. Bc4 1-0

[Event "Curitiba 1st FEXPAR - CBX"]
[Site "Curitiba"]
[Date "2011.10.07"]
[Round "3.1"]
[White "Gonzalez, Bolivar Ribeiro"]
[Black "Araujo, Rafael Moreira"]
[Result "1-0"]
[WhiteElo "2253"]
[BlackElo "2181"]
[PlyCount "135"]
[EventDate "2011.10.05"]
[EventType "tourn"]
[EventRounds "9"]
[EventCountry "BRA"]
[SourceTitle "EXT 2022"]
[Source "ChessBase"]
[SourceDate "2021.10.06"]
[SourceVersion "1"]
[SourceVersionDate "2021.10.06"]
[SourceQuality "1"]

1. e4 e5 2. Nf3 Nc6 3. Bb5 a6 4. Ba4 Nf6 5. 0-0 b5 6. Bb3 Be7 7. Re1 0-0 8. h3 d6 9. c3 Nd7 10. d4 Bf6 11. d5 Ne7 12. Nbd2 g6 13. Nf1 Bg7 14. N3h2 f5 15. f3 f4 16. Bd2 Bf6 17. Re2 Bh4 18. Be1 Bxe1 19. Qxe1 Kg7 20. a4 Rb8 21. Bc2 Nf6 22. axb5 axb5 23. b4 g5 24. Bd1 h5 25. Rea2 Bd7 26. Ra7 Nc8 27. Ra8 Nb6 28. R8a7 Qc8 29. Nd2 Rb7 30. R7a2 Rh8 31. Be2 g4 32. Qh4 g3 33. Nhf1 Na4 34. Ra3 Ra7 35. Rc1 Qb7 36. Nxg3 fxg3 37. c4 Qb6+ 38. Kh1 Qf2 39. Rf1 Qxe2 40. f4 Nxe4 41. fxe5 Bxh3 42. Qe7+ Kh6 43. Rf6+ Nxf6 44. Qxf6+ Kh7 45. Qf7+ Kh6 46. Qf4+ Kg7 47. Rxg3+ Bg4 48. Qf6+ Kg8 49. Qg6+ Kf8 50. Qf6+ Kg8 51. Qg6+ Kf8 52. Qf6+ Kg8 53. Qg6+ Kf8 54. Ne4 Qf1+ 55. Kh2 Qf7 56. Qg5 Rg8 57. Qe3 h4 58. Qh6+ Qg7 59. Qf4+ Qf7 60. Qh6+ Qg7 61. Qf4+ Ke8 62. Rxg4 Qxe5 63. Rxg8+ Ke7 64. Qxe5+ dxe5 65. cxb5 Rb7 66. d6+ Kd7 67. Rg7+ Kd8 68. Nf6 1-0

[Event "Curitiba 1st FEXPAR - CBX"]
[Site "Curitiba"]
[Date "2011.10.06"]
[Round "2.1"]
[White "Araujo, Rafael Moreira"]
[Black "Palozi, Paulo Ricardo"]
[Result "0-1"]
[WhiteElo "2181"]
[BlackElo "2256"]
[PlyCount "94"]
[EventDate "2011.10.05"]
[EventType "tourn"]
[EventRounds "9"]
[EventCountry "BRA"]
[SourceTitle "EXT 2022"]
[Source "ChessBase"]
[SourceDate "2021.10.06"]
[SourceVersion "1"]
[SourceVersionDate "2021.10.06"]
[SourceQuality "1"]

1. d4 d5 2. c4 c6 3. Nf3 Nf6 4. Nc3 dxc4 5. a4 Bf5 6. e3 e6 7. Bxc4 Nbd7 8. Nd2 Bb4 9. 0-0 0-0 10. Qe2 e5 11. Nb3 Qc7 12. f3 Rad8 13. e4 exd4 14. Nxd4 Bg6 15. Be3 Rfe8 16. Rad1 Bd6 17. g3 a6 18. Nc2 Ne5 19. Ba2 b5 20. axb5 axb5 21. Qf2 Ra8 22. Bb6 Qe7 23. Bb3 Nfd7 24. Be3 b4 25. Ne2 Nf6 26. Ncd4 Ra5 27. Bc2 Ra2 28. Rb1 Qb7 29. Nc1 Raa8 30. Ndb3 Nfd7 31. Nd3 Nc4 32. Ndc5 Nxc5 33. Bxc5 Bc7 34. Bd3 Ne5 35. Be2 Nd7 36. Be3 f5 37. Rfd1 Nf6 38. Nc5 Qc8 39. Bg5 fxe4 40. Bxf6 e3 41. Bc4+ Kh8 42. Qe2 gxf6 43. Rbc1 Qh3 44. Nd7 Re7 45. Nxf6 Rf8 46. Ng4 h5 47. Nxe3 Bb6 0-1

[Event "Curitiba 1st FEXPAR - CBX"]
[Site "Curitiba"]
[Date "2011.10.05"]
[Round "1.1"]
[White "Umetsubo, Cesar Hidemitsu"]
[Black "Araujo, Rafael Moreira"]
[Result "1-0"]
[WhiteElo "2190"]
[BlackElo "2181"]
[PlyCount "121"]
[EventDate "2011.10.05"]
[EventType "tourn"]
[EventRounds "9"]
[EventCountry "BRA"]
[SourceTitle "EXT 2022"]
[Source "ChessBase"]
[SourceDate "2021.10.06"]
[SourceVersion "1"]
[SourceVersionDate "2021.10.06"]
[SourceQuality "1"]

1. e4 e5 2. Nf3 Nc6 3. Nc3 Nf6 4. Bb5 Nd4 5. Ba4 Nxf3+ 6. Qxf3 c6 7. d3 b5 8. Bb3 d6 9. h3 Be7 10. 0-0 Rb8 11. Qe2 0-0 12. f4 Nd7 13. Be3 a5 14. a3 exf4 15. Rxf4 Bg5 16. Rxf7 Bxe3+ 17. Rf2+ Kh8 18. Qxe3 Rxf2 19. Qxf2 Nc5 20. Rf1 Be6 21. Bxe6 Nxe6 22. Ne2 h6 23. Qf7 Qb6+ 24. Qf2 c5 25. Ng3 Rf8 26. Qe3 Rxf1+ 27. Kxf1 b4 28. axb4 Qxb4 29. Qc1 Qd4 30. Nf5 Qe5 31. c3 c4 32. Qe3 cxd3 33. Qxd3 Qf4+ 34. Kg1 Qc1+ 35. Kh2 Qf4+ 36. Qg3 Qxe4 37. Nxd6 Qd5 38. Nf7+ Kh7 39. Qe5 Qd7 40. Nd6 Kg8 41. Nf5 a4 42. Kg3 Ng5 43. Qd5+ Qxd5 44. Ne7+ Kf7 45. Nxd5 Ne4+ 46. Kf4 Nc5 47. Ke3 Ke6 48. Nf4+ Kf5 49. Nd3 Ne6 50. c4 h5 51. g3 g5 52. c5 Kf6 53. Ke4 Ke7 54. Ke5 Kd7 55. c6+ Ke7 56. Nb4 Nc5 57. Kd5 Nb3 58. Nd3 Nd2 59. Nc5 Kd8 60. Nxa4 Nf1 61. Kd6 1-0

[Event "Parana-ch"]
[Site "Campo Mourao"]
[Date "2011.01.29"]
[Round "7"]
[White "Araujo, Rafael Moreira"]
[Black "Tomaz, Tainan Pantano"]
[Result "0-1"]
[WhiteElo "2195"]
[BlackElo "1711"]
[PlyCount "74"]
[EventDate "2011.01.25"]
[EventType "swiss"]
[EventRounds "9"]
[EventCountry "BRA"]
[SourceTitle "CBM 140 Extra"]
[Source "ChessBase"]
[SourceDate "2011.03.01"]
[SourceVersion "1"]
[SourceVersionDate "2011.03.01"]
[SourceQuality "1"]

1. d4 Nf6 2. Nf3 e6 3. Bg5 h6 4. Bxf6 Qxf6 5. e4 d6 6. c4 e5 7. Nc3 c6 8. h3 Be7 9. Qd2 exd4 10. Nxd4 Na6 11. 0-0-0 Nc7 12. f4 g5 13. g3 Be6 14. f5 Bd7 15. e5 dxe5 16. Ne4 Qg7 17. f6 Bxf6 18. Nb5 0-0-0 19. Nxc7 Bg4 20. Be2 Bxe2 21. Qxe2 Kxc7 22. Qf2 Be7 23. Qxa7 f5 24. Nc3 Ra8 25. Rd7+ Kxd7 26. Qxb7+ Ke6 27. Rd1 Rhd8 28. Qxc6+ Kf7 29. Rf1 Qg6 30. Qb7 f4 31. Nd5 Qe6 32. gxf4 exf4 33. Kd2 Rab8 34. Qa7 Rxb2+ 35. Kc3 Qe5+ 36. Kd3 Kf8 37. Qa6 Qe2+ 0-1

[Event "Parana-ch"]
[Site "Campo Mourao"]
[Date "2011.01.27"]
[Round "5"]
[White "Araujo, Rafael Moreira"]
[Black "Broday, Gabriel Renan"]
[Result "1-0"]
[WhiteElo "2195"]
[BlackElo "1977"]
[PlyCount "81"]
[EventDate "2011.01.25"]
[EventType "swiss"]
[EventRounds "9"]
[EventCountry "BRA"]
[SourceTitle "CBM 140 Extra"]
[Source "ChessBase"]
[SourceDate "2011.03.01"]
[SourceVersion "1"]
[SourceVersionDate "2011.03.01"]
[SourceQuality "1"]

1. e4 c5 2. Nf3 Nc6 3. Bb5 e6 4. d3 Nge7 5. c3 a6 6. Ba4 g6 7. 0-0 Bg7 8. Re1 0-0 9. Nbd2 b5 10. Bc2 Bb7 11. Nf1 h6 12. Be3 d6 13. Qd2 Kh7 14. d4 cxd4 15. cxd4 d5 16. e5 Qa5 17. Qe2 Rac8 18. Bd3 Qb6 19. h4 Nf5 20. Bxf5 gxf5 21. Rac1 Ne7 22. Rc5 Rxc5 23. dxc5 Qc7 24. Rc1 Bxe5 25. Bxh6 Kxh6 26. Nxe5 f6 27. Nd3 e5 28. Ng3 Bc8 29. Qd2+ f4 30. Ne2 Kh7 31. c6 Qd6 32. c7 Bf5 33. Qb4 Qxb4 34. Nxb4 Bc8 35. Nc3 d4 36. Ne4 a5 37. Nc6 Nxc6 38. Rxc6 Bb7 39. Rxf6 Rc8 40. Rf7+ Kg8 41. Nd6 1-0

[Event "Parana-ch"]
[Site "Campo Mourao"]
[Date "2011.01.26"]
[Round "4"]
[White "Da Silva, Adriano Batista"]
[Black "Araujo, Rafael Moreira"]
[Result "0-1"]
[WhiteElo "1941"]
[BlackElo "2195"]
[PlyCount "86"]
[EventDate "2011.01.25"]
[EventType "swiss"]
[EventRounds "9"]
[EventCountry "BRA"]
[SourceTitle "CBM 140 Extra"]
[Source "ChessBase"]
[SourceDate "2011.03.01"]
[SourceVersion "1"]
[SourceVersionDate "2011.03.01"]
[SourceQuality "1"]

1. d4 Nf6 2. Nf3 g6 3. g3 Bg7 4. Bg2 0-0 5. 0-0 d6 6. c4 Nbd7 7. Nc3 e5 8. d5 a5 9. Bg5 h6 10. Bxf6 Qxf6 11. Nd2 Qe7 12. a3 f5 13. e4 f4 14. b4 Nf6 15. Nb3 axb4 16. axb4 Bg4 17. f3 Bd7 18. Qe2 fxg3 19. hxg3 Nh5 20. Qf2 Rab8 21. Ra7 g5 22. Kh2 g4 23. Qe1 Nf4 24. gxf4 exf4 25. Ne2 g3+ 26. Kg1 Qh4 27. Rf2 gxf2+ 28. Qxf2 Qg5 29. Na5 h5 30. Kf1 b6 31. Nc6 Bxc6 32. dxc6 Ra8 33. Rxa8 Rxa8 34. Kg1 Ra1+ 35. Kh2 Ra2 36. Bh3 Qg3+ 37. Qxg3 fxg3+ 38. Kxg3 Rxe2 39. Be6+ Kh7 40. Bd5 Be5+ 41. f4 Re3+ 42. Kh4 Bxf4 43. Kxh5 Rg3 0-1

[Event "Jogos op do Parana - Japs"]
[Site "Francisco Beltrao"]
[Date "2009.10.31"]
[Round "7.7"]
[White "Araujo, Rafael Moreira"]
[Black "Horiuchi, Hermann Koki"]
[Result "1-0"]
[WhiteElo "2209"]
[BlackElo "1780"]
[PlyCount "99"]
[EventDate "2009.10.27"]
[EventType "swiss"]
[EventRounds "7"]
[EventCountry "BRA"]
[SourceTitle "EXT 2022"]
[Source "ChessBase"]
[SourceDate "2021.10.06"]
[SourceVersion "1"]
[SourceVersionDate "2021.10.06"]
[SourceQuality "1"]

1. d4 d5 2. c4 c6 3. Nf3 Nf6 4. Nc3 e6 5. cxd5 cxd5 6. Bf4 Bd6 7. Bxd6 Qxd6 8. e3 a6 9. Bd3 0-0 10. Ne5 Nbd7 11. f4 b5 12. 0-0 g6 13. Qe1 b4 14. Na4 Ne4 15. Bxe4 dxe4 16. Nxd7 Bxd7 17. Nc5 Bb5 18. Rf2 a5 19. Nxe4 Qe7 20. Nc5 f5 21. Rc2 Rab8 22. Rac1 Rfd8 23. Qd2 Qd6 24. Nd3 Bxd3 25. Qxd3 Rb6 26. Rc5 a4 27. Qc4 h6 28. Rc7 g5 29. g3 g4 30. Ra7 a3 31. b3 Rd7 32. Qc8+ Rd8 33. Qc7 Qxc7 34. Raxc7 Rdd6 35. Kf2 Kf8 36. Ke2 Ke8 37. Kd3 Kf8 38. R1c5 Ke8 39. Rh7 Rdc6 40. Rxh6 Kd7 41. Kc4 Kd6 42. h3 gxh3 43. Rxh3 Rb8 44. Rh6 Rcb6 45. d5 Kd7 46. dxe6+ Rxe6 47. Rxe6 Kxe6 48. Re5+ Kf6 49. e4 fxe4 50. Rxe4 1-0

[Event "Jogos op do Parana - Japs"]
[Site "Francisco Beltrao"]
[Date "2009.10.29"]
[Round "4.7"]
[White "Dias, Anderson Tatsch"]
[Black "Araujo, Rafael Moreira"]
[Result "1-0"]
[WhiteElo "2200"]
[BlackElo "2209"]
[PlyCount "77"]
[EventDate "2009.10.27"]
[EventType "swiss"]
[EventRounds "7"]
[EventCountry "BRA"]
[SourceTitle "EXT 2022"]
[Source "ChessBase"]
[SourceDate "2021.10.06"]
[SourceVersion "1"]
[SourceVersionDate "2021.10.06"]
[SourceQuality "1"]

1. d4 Nf6 2. c4 e6 3. Nf3 d5 4. e3 c5 5. cxd5 exd5 6. Be2 Nc6 7. 0-0 a6 8. b3 Be7 9. Bb2 0-0 10. dxc5 Bxc5 11. Na3 Re8 12. Nc2 Ne4 13. Rc1 Be6 14. Ncd4 Qd6 15. Nxc6 bxc6 16. Qc2 Bd7 17. Ng5 Bb6 18. Nxe4 Rxe4 19. g3 Qh6 20. Bf3 f5 21. Rfd1 Rf8 22. Qe2 Bc8 23. Qc2 Re6 24. Bd4 Bc7 25. Bxd5 cxd5 26. Qxc7 g5 27. Ba1 f4 28. exf4 gxf4 29. Qc3 fxg3 30. Qh8+ Kf7 31. Rc7+ Kg6 32. Rg7+ Kh5 33. Qxf8 gxh2+ 34. Kxh2 Rg6 35. Qf3+ Kg5+ 36. Kg1 Bg4 37. Bf6+ Kh5 38. Rxg6 Qxg6 39. Rxd5+ 1-0

[Event "Curitiba CC 71 Aniversario"]
[Site "Curitiba"]
[Date "2009.09.12"]
[Round "2"]
[White "Tomaz, Tainan Pantano"]
[Black "Araujo, Rafael Moreira"]
[Result "1-0"]
[WhiteElo "1615"]
[BlackElo "2209"]
[PlyCount "79"]
[EventDate "2009.09.11"]
[EventType "swiss"]
[EventRounds "6"]
[EventCountry "BRA"]
[SourceTitle "EXT 2022"]
[Source "ChessBase"]
[SourceDate "2021.10.06"]
[SourceVersion "1"]
[SourceVersionDate "2021.10.06"]
[SourceQuality "1"]

1. c4 Nf6 2. Nc3 g6 3. g3 Bg7 4. Bg2 0-0 5. e3 d6 6. Nge2 e5 7. 0-0 Re8 8. d3 c6 9. e4 c5 10. h3 Nc6 11. f4 exf4 12. Nxf4 Ne5 13. Be3 Bd7 14. Qd2 Qc8 15. Rad1 Rb8 16. b3 a6 17. d4 cxd4 18. Bxd4 Bc6 19. Nfd5 Bxd5 20. exd5 b5 21. cxb5 axb5 22. Rde1 b4 23. Nd1 Nfd7 24. Nf2 Qa6 25. Rc1 Qa5 26. Ne4 Qa6 27. Rc7 Ra8 28. Qxb4 Qxa2 29. Bxe5 Nxe5 30. Qxd6 Qe2 31. Nf6+ Bxf6 32. Qxf6 Ra2 33. Qf2 Qa6 34. Rc2 Ra3 35. Re2 Ra1 36. Rxe5 Rf8 37. Re7 Ra2 38. Qf6 Qa5 39. Rxf7 Qc5+ 40. Kh1 1-0